| 000 | 00531nam a2200181 a 4500 | ||
|---|---|---|---|
| 005 | 20140310183506.0 | ||
| 008 | 100809s19uu xx 00 eng d | ||
| 020 | _a9781433807213 | ||
| 050 |
_aRC 481 _b.C28 2010 |
||
| 100 | _aCain, David J. | ||
| 245 |
_aPerson-centered psychotherapies. / _cDavid J. Cain |
||
| 260 |
_aWashington D.C : _bAmerican Psychological Association, _c2010. |
||
| 300 |
_a148 p. : _c23 cm. |
||
| 521 | _aPSYCH | ||
| 650 |
_aClient-centered _xPsychotherapy. |
||
| 942 |
_cBK _2lcc _kFOR |
||
| 999 |
_c24040 _d24040 |
||